00389nam a22001457a 4500003000400000008004100004020001800045082002100063100002100084245004600105250000800151260005900159300000800218650001700226OSt210814b ||||| |||| 00| 0 eng d a9780753541630 a658.3124082bSALG aSANDBERG, Sheryl aLean In: Women, Work and The Will To Lead a1st aLondonbWH Allen, an Imprint of Ebury Publishingc2015 a232 aMotivational